000
00265nam a2200109Ia 4500
008
200302s9999 xx 000 0 und d
100
_a
Kurt Anderson
245
_a
Realistic Oil Painting Techniques
260
_b
North Light Books
260
_c
1995
300
_a
133 P.,
999
_c
1331
_d
1331